[Event "FSIMA June"]
[Site "Budapest HUN"]
[Date "2007.06.02"]
[Round "1"]
[White "Toth,E"]
[Black "Eggleston,D"]
[Result "0-1"]
[WhiteElo "2298"]
[BlackElo "2300"]

1.d4 Nf6 2.c4 e6 3.Nc3 Bb4 4.f3 d5 5.a3 Be7 6.e4 dxe4 7.fxe4 e5 8.d5 Bc5
9.Nf3 Bg4 10.h3 Bxf3 11.Qxf3 a5 12.Bd3 Nbd7 13.Rf1 O-O 14.Bg5 Bd4 15.Ne2 Bxb2
16.Ra2 Bd4 17.Nxd4 exd4 18.Re2 h6 19.Bxh6 Ne5 20.Qg3 Nxd3+ 21.Kd2 Nh5 22.Qg4 Ra6
23.Bg5 Qd6 24.Rf3 Ne5 25.Qxh5 Nxf3+ 26.Qxf3 f6 27.Bf4 Qc5 28.Qd3 Rb6 29.Ke1 a4
30.e5 Rb3 31.Qg6 fxe5 32.Bxe5 Qe7  0-1

[Event "TCh-BIH"]
[Site "Vogosca BIH"]
[Date "2007.06.03"]
[Round "2"]
[White "Berkes,F"]
[Black "Tomic,Bos"]
[Result "1-0"]
[WhiteElo "2600"]
[BlackElo "2393"]

1.d4 Nf6 2.c4 e6 3.Nc3 Bb4 4.f3 c5 5.d5 exd5 6.cxd5 Nh5 7.Nh3 d6 8.g4 Qh4+
9.Nf2 Nf6 10.Bf4 h5 11.Bxd6 Qg5 12.f4 Qxd5 13.g5 Qc4 14.Qd3 Qxd3 15.Nxd3 Bxc3+
16.bxc3 Ne4 17.Bxc5 Nc6 18.Bd4 O-O 19.Bg2 Re8 20.O-O Nxd4 21.cxd4 Nc3 22.Rfe1 Nxe2+
23.Kf2 Bf5 24.Rxe2 Bxd3 25.Re5 Ba6 26.Rc1 Rac8 27.Rxc8 Rxc8 28.Be4 Kf8 29.g6 Re8
30.gxf7 Rxe5 31.fxe5 Kxf7 32.d5 g5 33.Ke3 Bc4 34.a3 b6 35.Kd4 Bb3 36.Bf5 Ke7
37.d6+ Kf7 38.Bg6+ Kf8 39.Bxh5 Be6  1-0

[Event "XV Lasker Mem Open A"]
[Site "Barlinek POL"]
[Date "2007.06.04"]
[Round "3"]
[White "Klim,K"]
[Black "Bronowicki,M"]
[Result "0-1"]
[WhiteElo "2108"]
[BlackElo "2313"]

1.d4 e6 2.c4 Nf6 3.Nc3 Bb4 4.f3 d5 5.a3 Bxc3+ 6.bxc3 O-O 7.e3 c5 8.cxd5 exd5
9.Bd3 Nc6 10.Ne2 Be6 11.O-O Rc8 12.Ng3 Na5 13.Ra2 Qd7 14.Bb1 Qb5 15.Rb2 Qa6
16.e4 Nc4 17.Rbf2 dxe4 18.fxe4 Ng4 19.Rf3 Rcd8 20.Qc2 cxd4 21.cxd4 Rxd4 22.e5 g6
23.Nh5 Rc8 24.Rc3 Rcd8 25.h3 Qb6 26.Kh1 Rd1 27.Nf6+ Kg7 28.Rf3 Nge3 29.Qe4 Nxf1
30.Qh4 Nfd2+ 31.Kh2 Qg1+ 32.Kg3 Qe1+  0-1

[Event "FSGM June"]
[Site "Budapest HUN"]
[Date "2007.06.06"]
[Round "5"]
[White "Bluvshtein,M"]
[Black "Paschall,W"]
[Result "1-0"]
[WhiteElo "2520"]
[BlackElo "2353"]

1.d4 Nf6 2.c4 e6 3.Nc3 Bb4 4.f3 O-O 5.e4 d5 6.e5 Nfd7 7.f4 c5 8.Nf3 Nc6 9.a3 Ba5
10.Be3 cxd4 11.Nxd4 dxc4 12.Nxc6 bxc6 13.Bxc4 Nb6 14.Qd3 Nxc4 15.Qxc4 Bb6
16.Rd1 Qc7 17.Bc5 Ba6 18.Qxa6 Bxc5 19.Ke2 Rfd8 20.Qc4 Be7 21.b4 Qb6 22.Na4 Qb5
23.Qxb5 cxb5 24.Nc3 a5 25.Rxd8+ Rxd8 26.bxa5 b4 27.Nb5 Ra8 28.axb4 Bxb4 29.Rb1 Bxa5
30.Ra1 h5 31.Ra4  1-0

[Event "FSIMA June"]
[Site "Budapest HUN"]
[Date "2007.06.06"]
[Round "5"]
[White "Toth,E"]
[Black "Hardicsay,P"]
[Result "1-0"]
[WhiteElo "2298"]
[BlackElo "2328"]

1.d4 Nf6 2.c4 e6 3.Nc3 Bb4 4.f3 d5 5.a3 Bxc3+ 6.bxc3 c6 7.e4 dxe4 8.fxe4 e5
9.Qd3 Qa5 10.Bd2 Nbd7 11.Nf3 O-O 12.Be2 Re8 13.O-O b6 14.Nh4 Nf8 15.Bg5 N6d7
16.Bh5 Ng6 17.Qf3 Rf8 18.Nf5 f6 19.Qg3 Ba6 20.Bh6 Rf7 21.Bxg6 hxg6 22.Qxg6 Nf8
23.Qg3 Ne6 24.d5 cxd5 25.exd5 Nf4 26.Bxf4 exf4 27.Rxf4 Qc5+ 28.Kh1 Bxc4 29.Nh6+ Kf8
30.Nxf7 Kxf7 31.d6 Rd8 32.Rd4 Be6 33.Re1 Qxa3 34.Rxe6 Kxe6 35.Qe3+ Kf7 36.Qe7+ Kg6
37.Rg4+ Kh5 38.h3  1-0

[Event "TCh-BIH"]
[Site "Vogosca BIH"]
[Date "2007.06.06"]
[Round "5"]
[White "Berkes,F"]
[Black "Stojanovic,Da"]
[Result "1-0"]
[WhiteElo "2600"]
[BlackElo "2473"]

1.d4 Nf6 2.c4 e6 3.Nc3 Bb4 4.f3 d5 5.a3 Bxc3+ 6.bxc3 c6 7.Qc2 O-O 8.e4 dxe4
9.fxe4 e5 10.Nf3 exd4 11.e5 Re8 12.Bd3 dxc3 13.O-O Rxe5 14.Nxe5 Qd4+ 15.Kh1 Qxe5
16.Bf4 Qa5 17.Rae1 Be6 18.g4 Nbd7 19.g5 Nh5 20.Bxh7+ Kh8 21.Bd3 Nxf4 22.Rxf4 Qxg5
23.Qf2 Kg8 24.Rg1 Qe5 25.Qh4 Nf8 26.Rg5 Qd6 27.Rxg7+ Kxg7 28.Qg3+ Ng6 29.Rxf7+ Bxf7
30.Qxd6 Re8 31.Qd4+ Ne5 32.Qxc3 c5 33.Kg2 b6 34.Kg3 Kg8 35.Kf4 Nxd3+ 36.Qxd3 Re6
37.h4 Rf6+ 38.Kg5 Rg6+ 39.Kf5 a5 40.Qe3 Kg7 41.Qe5+ Kg8 42.Qb2 Rh6 43.Qd2 Kg7
44.Qc3+ Kg8 45.Qe3 Kg7 46.Qg3+ Rg6 47.Qc3+ Kg8 48.Qc1 Kg7 49.h5 Rh6 50.Qg5+ Kh7
51.Qg3 Be6+ 52.Kg5 Bf7 53.a4 Re6 54.Qb8 Kg7 55.Qc7 Kg8 56.Qb8+ Kg7 57.Qf4 Rc6
58.Qh2 Kh7 59.Qc2+ Kg7 60.Qc3+ Kg8 61.Qh3 Re6 62.Qh2 Kh7 63.Qb8 Kg7 64.Qg3 Kg8
65.Qc7 Kg7 66.Qb8 Rc6 67.Qh2 Kh7 68.Qh3 Re6 69.Qh1 Rd6 70.Qe4+ Kg8 71.h6 Re6
72.Qf5 Rc6 73.h7+  1-0

[Event "TCh-BIH"]
[Site "Vogosca BIH"]
[Date "2007.06.09"]
[Round "8"]
[White "Gyimesi,Z"]
[Black "Drasko,M"]
[Result "1/2-1/2"]
[WhiteElo "2617"]
[BlackElo "2543"]

1.d4 e6 2.c4 Nf6 3.Nc3 Bb4 4.f3 d5 5.a3 Bxc3+ 6.bxc3 c5 7.cxd5 Nxd5 8.dxc5 Qa5
9.e4 Nc7 10.Qd4 f6 11.Qb4 Nc6 12.Qxa5 Nxa5 13.Rb1 Bd7 14.Ne2 e5 15.Nd4 O-O-O
16.Nb5 Bxb5 17.Bxb5 Nxb5 18.Rxb5 Nc6 19.Ke2 Rhe8 20.Be3 Re6 21.g4 Ne7 22.g5 Ra6
23.gxf6 gxf6 24.Rb3 Rd7 25.Rg1 Ng6 26.Rg4 Rf7 27.h4 f5 28.exf5 Rxf5 29.Rgb4 Rf7
30.h5 Nf4+ 31.Bxf4 exf4 32.Re4 Kc7 33.a4 Raf6 34.Rbb4 Rf5 35.h6 R5f6 36.Kd3 Kc6
37.Rbd4 Rxh6 38.Rxf4 Rxf4 39.Rxf4 Kxc5 40.Rf7 Kc6 41.f4 Rh1 42.f5 h5 43.Ke4 h4
44.Rh7 h3 45.f6 h2 46.f7  1/2-1/2

[Event "III Perla Baltyku A"]
[Site "Mielno POL"]
[Date "2007.06.20"]
[Round "3"]
[White "Sieciechowicz,M"]
[Black "Lubczynski,R"]
[Result "0-1"]
[WhiteElo "2165"]
[BlackElo "2347"]

1.d4 Nf6 2.c4 e6 3.Nc3 Bb4 4.f3 c5 5.d5 exd5 6.cxd5 d6 7.e4 O-O 8.Bd3 Nbd7
9.Ne2 Ne5 10.Bc2 Ne8 11.Ng3 Qh4 12.O-O g6 13.Qe1 Nf6 14.f4 Neg4 15.h3 c4
16.Nf5 Qxe1 17.Ne7+ Kg7 18.Rxe1 Bc5+ 19.Kf1 Nh5 20.Ke2 Bd7 21.Ba4 Ngf6 22.g4 Bxa4
23.Nxa4 Bb4 24.gxh5 Bxe1 25.e5 Bh4 26.h6+ Kxh6 27.Kf3 Ne8 28.f5+ Kg7 29.f6+ Nxf6
30.exd6 Rfd8 31.Bf4 Ne8 32.Rg1 Bxe7 33.dxe7 Rxd5 34.Rc1 Rc8  0-1

[Event "III Perla Baltyku A"]
[Site "Mielno POL"]
[Date "2007.06.22"]
[Round "6"]
[White "Sieciechowicz,M"]
[Black "Warakomska,A"]
[Result "1-0"]
[WhiteElo "2165"]
[BlackElo "2107"]

1.d4 Nf6 2.c4 e6 3.Nc3 Bb4 4.f3 d5 5.a3 Bxc3+ 6.bxc3 c5 7.cxd5 Nxd5 8.Qd3 O-O
9.e4 Ne7 10.Nh3 Nbc6 11.Be3 cxd4 12.cxd4 Qa5+ 13.Qd2 Qxd2+ 14.Kxd2 Rd8 15.Kc3 b6
16.Be2 Bb7 17.Rhd1 e5 18.d5 Na5 19.Kb2 Nc8 20.Rac1 Nd6 21.Rc7 Rac8 22.Rdc1 f6
23.Nf2 Rxc7 24.Rxc7 Rc8 25.Rxc8+ Bxc8 26.Kc3 Kf7 27.f4 exf4 28.Bxf4 Ke7 29.e5 fxe5
30.Bxe5 g6 31.Bf4 Bb7 32.Bg5+ Kd7 33.Bg4+ Kc7 34.Bf3 Nac4 35.a4 Ne5 36.Kd4 Nxf3+
37.gxf3 Kd7 38.Ne4 Nf5+ 39.Ke5 h6 40.Bd2 a5 41.Bc1 Nh4 42.Nf6+ Kd8 43.Be3 Nxf3+
44.Kd6 Nxh2 45.Bxh6 Nf3 46.Be3 Nh4 47.Bxb6+ Kc8 48.Ke6 Nf5 49.Bxa5 Ba8 50.Bb6 Bb7
51.a5 Ba6 52.Ne4 Bb5 53.Ng5 Bc4 54.Nf3 Ng7+ 55.Kd6 Nf5+ 56.Kc5 Ba6 57.Ne5 g5
58.d6 Nxd6 59.Kxd6 Be2 60.Kc6 g4 61.Bf2 Bf3+ 62.Kb6 Bb7 63.Nxg4 Bf3 64.Ne5 Be2
65.Bc5 Bf1 66.Bd6 Be2 67.a6 Bxa6 68.Kxa6 Kd8 69.Kb6 Kc8 70.Kc6 Kd8 71.Nd7 Kc8
72.Nb6+ Kd8 73.Kd5 Ke8 74.Ke6 Kd8 75.Be5 Ke8 76.Bf6 Kf8 77.Nc4 Ke8 78.Ne5 Kf8
79.Nf7 Ke8 80.Nd6+ Kf8 81.Kf5 Kg8 82.Kg6 Kf8 83.Bg5 Kg8 84.Bh6 Kh8 85.Nf5 Kg8
86.Ne7+ Kh8 87.Bg7+  1-0

[Event "Open"]
[Site "Pula CRO"]
[Date "2007.06.23"]
[Round "1"]
[White "Harstad,C"]
[Black "Petrik,T"]
[Result "0-1"]
[WhiteElo "2064"]
[BlackElo "2522"]

1.d4 e6 2.c4 Nf6 3.Nc3 Bb4 4.f3 d5 5.cxd5 exd5 6.e3 Bf5 7.g4 Nxg4 8.fxg4 Qh4+
9.Kd2 Be4 10.Nf3 Qf2+ 11.Qe2 Qxf3 12.Qxf3 Bxf3 13.Rg1 Nd7 14.Bg2 Bxg2 15.Rxg2 Nf6
16.g5 Ne4+ 17.Kd3 Bxc3 18.bxc3 Nd6 19.a4 O-O-O 20.Ba3 Nc4 21.e4 Nxa3 22.Rxa3 dxe4+
23.Kxe4 Rhe8+ 24.Kd3 Rd6 25.Ra1 Rg6 26.h4 Re7 27.Rf2 Kd7 28.Raf1 Ke8 29.Rf5 Rge6
30.R1f4 h6 31.gxh6 Rxh6 32.Rb5 b6 33.a5 Rg6 34.axb6 Rg3+ 35.Kc4 cxb6 36.Rb3 Rc7+
37.Kb4 f6 38.c4 Rg1 39.Rc3 Rb1+ 40.Ka3 Kd8 41.Rg4 a5 42.Rb3 Rxb3+ 43.Kxb3 Ke8
44.d5 Kf7 45.Ka4 Rc5 46.d6 g5 47.hxg5 fxg5 48.Re4 Rc6 49.Rd4 Ke8 50.d7+ Kd8
51.Kb5 Rg6 52.c5 bxc5 53.Kxc5 g4 54.Kb5 g3 55.Rd1 g2 56.Rg1 Kxd7 57.Kxa5 Ke6
58.Kb4 Kf5 59.Kc3 Kf4  0-1

[Event "Open"]
[Site "Pula CRO"]
[Date "2007.06.25"]
[Round "3"]
[White "Sutkovic,D"]
[Black "Petrik,T"]
[Result "0-1"]
[WhiteElo "2356"]
[BlackElo "2522"]

1.d4 Nf6 2.c4 e6 3.Nc3 Bb4 4.f3 d5 5.Qa4+ Nc6 6.a3 Be7 7.e3 O-O 8.Bd2 a6
9.cxd5 Nxd5 10.Nxd5 Qxd5 11.Qc4 Qd6 12.Bd3 Rd8 13.Qc2 g6 14.Be4 e5 15.d5 f5
16.Bd3 Be6 17.e4 fxe4 18.fxe4 Nd4 19.Qd1 Bxd5 20.exd5 Qxd5 21.Qg4 Nc2+ 22.Bxc2 Qxd2+
23.Kf1 Rf8+ 24.Nf3 Qxc2 25.Qe6+ Rf7 26.Qxe5 Rd8  0-1

[Event "4th Open"]
[Site "Proville FRA"]
[Date "2007.06.29"]
[Round "2"]
[White "Lonnoy,R"]
[Black "Houriez,C"]
[Result "0-1"]
[WhiteElo "1980"]
[BlackElo "2175"]

1.d4 Nf6 2.c4 e6 3.Nc3 Bb4 4.f3 Nc6 5.a3 Bxc3+ 6.bxc3 b6 7.e4 Ba6 8.Bd3 Na5
9.Qa4 O-O 10.e5 Ne8 11.Ne2 h6 12.O-O d5 13.Bb1 Bxc4 14.Qc2 f5 15.exf6 Qxf6
16.Qh7+ Kf7 17.Nf4 Bxf1 18.Nh5 Qd8 19.Bxh6 Rg8 20.Bg6+ Kf8 21.Re1 Qe7 22.Nf4 Nf6
23.Nxe6+ Qxe6 24.Bxg7+ Rxg7 25.Qh8+ Qg8  0-1

[Event "ch-BEL Expert"]
[Site "Namur BEL"]
[Date "2007.07.03"]
[Round "4"]
[White "Mohandesi,S"]
[Black "Saiboulatov,D"]
[Result "1-0"]
[WhiteElo "2309"]
[BlackElo "2415"]

1.d4 e6 2.c4 Nf6 3.Nc3 Bb4 4.f3 Nc6 5.e4 d5 6.e5 Ng8 7.a3 Bxc3+ 8.bxc3 dxc4
9.Qa4 Bd7 10.Qxc4 Nge7 11.Bg5 h6 12.Bh4 g5 13.Bf2 Nd5 14.Qb3 Na5 15.Qc2 c5
16.c4 Ne7 17.Bd3 Nac6 18.h4 gxh4 19.Ne2 cxd4 20.f4 Qa5+ 21.Kf1 Nf5 22.Bxf5 exf5
23.Bxh4 Be6 24.Rh3 Qc5 25.Rc1 Na5 26.Qa4+ Bd7 27.Qb4 Rc8 28.Qxc5 Rxc5 29.Nxd4 Rxc4
30.Rxc4 Nxc4 31.Kf2 Rg8 32.Rd3 Rg4 33.g3 Kf8 34.Bf6 Kg8 35.Nc2 Bc6 36.Rd4 b5
37.a4 a6 38.Nb4 Be4 39.Nxa6 Nb2 40.Rd8+ Kh7 41.Rh8+ Kg6 42.axb5 Nd1+ 43.Ke1 Nc3
44.Nc7 Kh5 45.Bh4 Rg6 46.Kd2 Nb1+ 47.Ke3 Nc3 48.Ne8 Nd5+ 49.Kd4 Rb6 50.Nd6 Nxf4
51.gxf4  1-0

[Event "ch-IRL"]
[Site "Dublin IRL"]
[Date "2007.07.04"]
[Round "5"]
[White "Cafolla,P"]
[Black "Brady,S"]
[Result "0-1"]
[WhiteElo "2034"]
[BlackElo "2360"]

1.d4 Nf6 2.c4 e6 3.Nc3 Bb4 4.f3 c5 5.d5 O-O 6.e4 d6 7.Be2 b5 8.g4 bxc4 9.g5 Ne8
10.Bxc4 Nc7 11.Ne2 exd5 12.Bxd5 Nxd5 13.Qxd5 Qb6 14.Bf4 Nc6 15.Kf2 Be6 16.Qd1 Ne5
17.Kg2 Bxc3 18.bxc3 f5 19.Bxe5 dxe5 20.Qc2 fxe4 21.Qxe4 Bf5 22.Qc4+ Kh8 23.Kg3 Qg6
24.Kf2 Be4 25.Rhg1 Rxf3+ 26.Ke1 Bd3 27.Qd5 Raf8 28.Rd1 Bxe2 29.Kxe2 Qc2+
30.Rd2 Rf2+ 31.Ke1 Qc1+  0-1

[Event "XXV Andorra Open"]
[Site "Andorra la Vella AND"]
[Date "2007.07.06"]
[Round "7"]
[White "Avila Jimenez,J"]
[Black "Panelo,M"]
[Result "1-0"]
[WhiteElo "2259"]
[BlackElo "2392"]

1.d4 Nf6 2.c4 e6 3.Nc3 Bb4 4.f3 O-O 5.e4 d5 6.e5 Nfd7 7.a3 Bxc3+ 8.bxc3 dxc4
9.Bxc4 Nxe5 10.Ba2 Ng6 11.Ne2 b6 12.O-O Ba6 13.Re1 Nc6 14.Qa4 Na5 15.Nf4 Qh4
16.Re4 Nxf4 17.Bxf4 Bd3 18.Bg3 Qh5 19.Re3 Qg6 20.Bxc7 Rfc8 21.Qd7 Bc4 22.Bb1 Qg5
23.f4 Qf6 24.Be5 Rd8 25.Qc7 Qh4 26.Rg3 Qh6 27.Rh3 Qxh3 28.gxh3 Rac8 29.Bxh7+ Kf8
30.Bd6+  1-0

[Event "XXV Andorra Open"]
[Site "Andorra la Vella AND"]
[Date "2007.07.07"]
[Round "8"]
[White "Khenkin,I"]
[Black "Kosten,A"]
[Result "1-0"]
[WhiteElo "2629"]
[BlackElo "2517"]

1.d4 Nf6 2.c4 e6 3.Nc3 Bb4 4.f3 O-O 5.a3 Bxc3+ 6.bxc3 Ne8 7.e4 b6 8.Bd3 Ba6
9.Nh3 Nc6 10.O-O Na5 11.Qe2 c5 12.Ra2 Rc8 13.Rc2 d5 14.exd5 exd5 15.cxd5 Bxd3
16.Qxd3 Qxd5 17.Nf4 Qc4 18.Qxc4 Nxc4 19.Nd5 Rd8 20.Ne7+ Kh8 21.dxc5 bxc5
22.Nc6 Rd7 23.Re1 Ned6 24.Ne5 Rb7 25.Nxc4 Nxc4 26.Re4 Na5 27.Bf4 h6 28.Rd2 Kh7
29.h4 f5 30.Ra4 Nb3 31.Rd5 Re8 32.Rxf5 Re2 33.h5 Na1 34.Re4 Rxe4 35.fxe4 Nc2
36.a4 c4 37.Rc5 Rb1+ 38.Kh2 Ne1 39.Bg3 Nc2 40.Bf2 Rd1 41.Rxc4 Rd2 42.Kg3 g5
43.Rc7+ Kg8 44.Bxa7 Ne1 45.Bf2 Nd3 46.Be3 Re2 47.Kf3 Ra2 48.Bd4 Ne1+ 49.Kg4 Nxg2
50.e5 Nf4 51.Ra7 Rg2+ 52.Kf5 Nxh5 53.e6 Kf8 54.Ra8+  1-0

[Event "XXX Open"]
[Site "Barbera del Valles ESP"]
[Date "2007.07.08"]
[Round "3"]
[White "Alonso Rosell,A"]
[Black "Corrales Jimenez,F"]
[Result "1-0"]
[WhiteElo "2285"]
[BlackElo "2499"]

1.d4 Nf6 2.c4 e6 3.Nc3 Bb4 4.f3 d5 5.a3 Bxc3+ 6.bxc3 c5 7.cxd5 Nxd5 8.dxc5 f5
9.e4 fxe4 10.Qc2 O-O 11.fxe4 Nf4 12.Nf3 Qc7 13.Be3 Nd7 14.Bc4 Nxc5 15.O-O b5
16.Ba2 Bd7 17.Rad1 Rae8 18.Qd2 Re7 19.Ng5 Ng6 20.Rxf8+ Nxf8 21.Qf2 Nb7 22.Rf1 Qc8
23.Bd4 Qe8 24.e5 h6 25.Ne4 Rf7 26.Qxf7+ Qxf7 27.Rxf7 Kxf7 28.Bxa7 Bc6 29.Bb1 Nd7
30.Bd4 Na5 31.Nd6+ Ke7 32.Bd3 Nb3 33.Bxb5 Bxb5 34.Nxb5 Nb8 35.Kf2 Kd7 36.Ke3 Kc6
37.Nd6 Nd7 38.h4 h5 39.Ne8 g6 40.Nf6 Ndc5 41.g3 Na4 42.Nh7 Na1 43.Nf8 Nc2+
44.Kd3 Nxa3 45.Nxg6 Nb2+ 46.Ke4 Nb1 47.Nf4 Na4 48.Nxh5 Nbxc3+ 49.Bxc3 Nxc3+
50.Kd3 Na4 51.Nf6 Nc5+ 52.Ke3 Nb7 53.g4 Nd8 54.g5 Nf7 55.Kf4 Kc7 56.g6 Nh6
57.g7  1-0

[Event "Canadian Open"]
[Site "Ottawa CAN"]
[Date "2007.07.08"]
[Round "2"]
[White "Bluvshtein,M"]
[Black "Critelli,J"]
[Result "1-0"]
[WhiteElo "2520"]
[BlackElo "2262"]

1.d4 Nf6 2.c4 e6 3.Nc3 Bb4 4.f3 O-O 5.a3 Bxc3+ 6.bxc3 c5 7.e4 Ne8 8.f4 f5
9.e5 Qa5 10.Bd2 d6 11.Nf3 Qc7 12.Bd3 dxe5 13.fxe5 Nc6 14.O-O b6 15.Qe2 Ba6
16.Rae1 Qd7 17.d5 Ne7 18.d6 Nc6 19.g4 g6 20.gxf5 gxf5 21.Bh6 Ng7 22.Kf2 Kh8
23.Rg1 Rg8 24.Rg5 Qf7 25.Nh4 Ne8 26.Rxg8+ Kxg8 27.Qf3 Bb7 28.Rg1+ Kh8 29.Qg3 Rd8
30.Be2  1-0

[Event "Open A"]
[Site "Oberwart AUT"]
[Date "2007.07.09"]
[Round "3"]
[White "Jedynak,R"]
[Black "Faibisovich,V"]
[Result "1-0"]
[WhiteElo "2540"]
[BlackElo "2412"]

1.d4 Nf6 2.c4 e6 3.Nc3 Bb4 4.f3 d5 5.a3 Bxc3+ 6.bxc3 c5 7.cxd5 exd5 8.e3 O-O
9.Bd3 b6 10.Ne2 Ba6 11.O-O Bxd3 12.Qxd3 Nbd7 13.Ng3 Re8 14.Ra2 Rc8 15.Re2 Re6
16.Bb2 h5 17.e4 cxd4 18.cxd4 h4 19.Nf5 dxe4 20.fxe4 Nc5 21.Qh3 Ncxe4 22.d5 Nxd5
23.Qg4 Ng5 24.Rd2 Rc5 25.Nxg7 Rg6 26.Nf5 Qe8 27.Qxh4 Nc3 28.Kh1 f6 29.Bxc3 Rxc3
30.Re1  1-0

[Event "Inautomarket Open"]
[Site "Minsk BLR"]
[Date "2007.07.12"]
[Round "3"]
[White "Elkin,L"]
[Black "Ostrovskiy,And"]
[Result "0-1"]
[WhiteElo "2228"]
[BlackElo "2417"]

1.d4 Nf6 2.c4 e6 3.Nc3 Bb4 4.f3 d5 5.a3 Bxc3+ 6.bxc3 c6 7.e3 O-O 8.cxd5 cxd5
9.Bd3 b6 10.Ne2 Ba6 11.Bxa6 Nxa6 12.Qd3 Qc8 13.e4 Qc4 14.Qxc4 dxc4 15.a4 e5
16.Ba3 Rfe8 17.Kf2 Nd7 18.Ng3 g6 19.Rhd1 Rac8 20.Nf1 f6 21.Ne3 Kf7 22.Rab1 Rc6
23.h4 h5 24.Rb5 Rh8 25.g3 Re8 26.a5 Ra8 27.f4 exd4 28.cxd4 Rcc8 29.axb6 axb6
30.Rb2 b5 31.Rxb5 Nc7 32.Rb7 Rxa3 33.Nd5 Nxd5 34.Rxd7+ Ne7 35.d5 Ke8 36.Rb7 Rd8
37.d6 Nc6 38.Rg7 Rd3 39.Rxd3 cxd3 40.e5 fxe5 41.fxe5 Kf8 42.Rxg6 Nxe5 43.Rf6+ Kg7
44.Rf5 d2  0-1

[Event "Czech Open GMA"]
[Site "Pardubice CZE"]
[Date "2007.07.20"]
[Round "1"]
[White "Markos,J"]
[Black "Rukavina,Dar"]
[Result "1-0"]
[WhiteElo "2559"]
[BlackElo "2300"]

1.d4 Nf6 2.c4 e6 3.Nc3 Bb4 4.f3 Nc6 5.e4 d5 6.e5 Ng8 7.a3 Bxc3+ 8.bxc3 b6
9.cxd5 Qxd5 10.Bd3 Bb7 11.Ne2 Nge7 12.O-O Qd7 13.Qc2 O-O-O 14.Rd1 f6 15.exf6 gxf6
16.Kh1 Kb8 17.Bh6 Ng6 18.Ng3 Nh4 19.Be4 Qf7 20.a4 Rhg8 21.a5 f5 22.Bxc6 Bxc6
23.axb6 axb6 24.Bf4 h5 25.Rdb1 Kb7 26.Qe2 Ra8 27.Rxa8 Rxa8 28.Bg5 Ng6 29.Nxh5 f4
30.Nf6 Ra5 31.h4 Ne7 32.Re1 e5 33.dxe5 Ra2 34.Qd3 Qe6 35.Nh5 Nd5 36.c4 Nb4
37.Qf1 Nc2 38.Nxf4 Qf5 39.Rd1 Qxe5 40.Qd3 Ne3 41.Re1 Ra1 42.Rxa1 Qxa1+ 43.Kh2 Qe1
44.Qe2 Qc3 45.c5 bxc5 46.Ne6 Qe5+ 47.Kg1 Qxe6 48.Qxe3 Qd5 49.h5 c4 50.h6 Qf5
51.Qf4 Qb1+ 52.Qc1 Qd3 53.Bf6 Be8 54.Qc3 Bg6 55.Kf2 Kc6 56.g4 Kd5 57.Qe5+ Kc6
58.Qc3 Kd5 59.f4 Qxc3 60.Bxc3 Ke4 61.f5 Bh7 62.f6  1-0

[Event "29th Politiken Cup"]
[Site "Copenhagen DEN"]
[Date "2007.07.21"]
[Round "1"]
[White "Traustason,I"]
[Black "Petersen,PB"]
[Result "0-1"]
[WhiteElo "1782"]
[BlackElo "2176"]

1.d4 Nf6 2.c4 e6 3.Nc3 Bb4 4.f3 c5 5.e3 O-O 6.Nh3 d5 7.a3 Ba5 8.Be2 Nc6 9.dxc5 Bxc3+
10.bxc3 Qa5 11.Nf4 dxc4 12.Qc2 Qxc5 13.g4 e5 14.Ng2 Be6 15.a4 Rfe8 16.e4 Qa5
17.Kf2 Rac8 18.Be3 Qc7 19.h4 Nd7 20.h5 f6 21.Nh4 Nf8 22.Rag1 Red8 23.g5 fxg5
24.Rxg5 Rd7 25.Rhg1 Kh8 26.Nf5 Bxf5 27.exf5 h6 28.R5g3 Nh7 29.Rg6 Rf8 30.Bxc4 e4
31.Bxh6 Qh2+ 32.R1g2 Qh4+ 33.Kf1 Rxf5 34.f4 Nf6 35.Bg5 Qh3 36.Be2 Qe3 37.Ke1 Rfd5
38.Bxf6 gxf6 39.h6 Qxf4 40.h7 Rg5 41.R6xg5 fxg5 42.Rg4 Qe3 43.Qxe4 Qd2+ 44.Kf1 Rf7+
45.Bf3 Re7 46.Qb1 Re3 47.Qd1 Qxd1+ 48.Bxd1 Kxh7 49.Rxg5 Rxc3 50.Ke1 Kh6 51.Rg8 Rc5
52.Kd2 Rg5 53.Rf8 Kg7 54.Rc8 Kf6 55.Bf3 Na5 56.Bd1 Rd5+ 57.Kc1 Ke7 58.Bf3 Rd4
59.Bd1 Rc4+ 60.Rxc4 Nxc4 61.Bb3 Na5 62.Bd1 Kd6 63.Kb2 Kc5 64.Bh5 Kb4 65.Bd1 Nc4+
66.Ka1 Ne3 67.Bf3 b6 68.Bc6 Nd1 69.Bd7 Nc3 70.Kb2 Nxa4+ 71.Ka2 Nc5 72.Be8 a6
73.Kb2 b5 74.Bf7 Na4+ 75.Ka2 Kc3 76.Bg6 Nb6 77.Be8 Nc4 78.Bc6 b4 79.Be4 a5
80.Bh7 Ne5 81.Be4 Nd3 82.Bc6 Nc5 83.Be8 Kc2 84.Bf7 a4 85.Ka1 b3 86.Bxb3+ Kxb3  0-1

[Event "1st LCT"]
[Site "Leiden NED"]
[Date "2007.07.22"]
[Round "9"]
[White "Van Ketel,R"]
[Black "Blees,E"]
[Result "1-0"]
[WhiteElo "2323"]
[BlackElo "2057"]

1.d4 Nf6 2.c4 e6 3.Nc3 Bb4 4.f3 d5 5.a3 Bxc3+ 6.bxc3 O-O 7.e3 b6 8.cxd5 exd5
9.Bd3 Ba6 10.Bxa6 Nxa6 11.Qd3 Qc8 12.Ne2 c5 13.O-O Re8 14.Ng3 Nb8 15.e4 cxd4
16.cxd4 Qc4 17.Qxc4 dxc4 18.Bg5 Nfd7 19.Nf5 f6 20.Be3 Rd8 21.Nd6 b5 22.Nxb5 Nc6
23.d5 Na5 24.Nxa7  1-0

[Event "11th Festival Open A"]
[Site "Senta SRB"]
[Date "2007.07.22"]
[Round "2"]
[White "Toth,E"]
[Black "Pelemans,J"]
[Result "1/2-1/2"]
[WhiteElo "2313"]
[BlackElo "2021"]

1.d4 Nf6 2.c4 e6 3.Nc3 Bb4 4.f3 d5 5.a3 Bxc3+ 6.bxc3 O-O 7.cxd5 exd5 8.e3 Bf5
9.g4 Bg6 10.h4 h5 11.g5 Ne8 12.Ne2 Nd6 13.Nf4 c6 14.Ra2 Nd7 15.Bd3 Qe8 16.a4 Nc4
17.Re2 b5 18.Bxc4 dxc4 19.Ba3 c5 20.axb5 Rb8 21.O-O Rxb5 22.dxc5 Nxc5 23.Qd6 Qc8
24.Nd5 Re8 25.e4 Nxe4 26.Ne7+ Rxe7 27.Qxe7 Nxc3 28.Rd2 Bd3 29.Rc1 Qh3 30.Qe1 Rb1
31.Qf2 Rxc1+ 32.Bxc1 Nd5 33.Ra2 Nc3 34.Rd2 Nd5 35.Rd1 Nc3 36.Re1 Nd5 37.Re5 Nc3
38.Bf4 Nd1 39.Qg3 Qf1+ 40.Kh2 Be2 41.Qg2 Qxf3 42.Rxe2 Qxf4+ 43.Qg3 Qd4 44.Qh3 Qf4+
45.Qg3 Qd4 46.Qh3 g6 47.Qg3 Nc3  1/2-1/2

[Event "33rd Open"]
[Site "Sitges ESP"]
[Date "2007.07.23"]
[Round "6"]
[White "Moskalenko,V"]
[Black "Barsov,A"]
[Result "1/2-1/2"]
[WhiteElo "2560"]
[BlackElo "2517"]

1.d4 e6 2.c4 Nf6 3.Nc3 Bb4 4.f3 c5 5.d5 Nh5 6.Nh3 Qh4+ 7.Nf2 Qxc4 8.e4 Bxc3+
9.bxc3 Qxc3+ 10.Bd2 Qd4 11.Qc1 exd5 12.Bc3 Qa4 13.Qg5 d6 14.Qxh5 d4 15.Bd2 O-O
16.Be2 Nc6 17.O-O Be6 18.f4 f6 19.Rfb1 Rab8 20.Bb5 Qa3 21.Qe2 Bf7 22.Bc4 Qa4
23.Bb3 Qa6 24.Bxf7+ Kxf7 25.Qh5+ Kg8 26.Qd5+ Kh8 27.a4 Qe2 28.Ra2 f5 29.Re1 Qh5
30.e5 dxe5 31.fxe5 f4 32.Qxc5 Rbe8 33.Raa1 Rf5 34.Qd5 Rfxe5 35.Rxe5 Rxe5
36.Qd7 f3 37.gxf3 h6 38.Qg4 Qf7 39.Ne4 Re6 40.Qf4 Rg6+ 41.Kh1 Qc4 42.Qf5 Ne7
43.Qf8+ Ng8 44.Rg1 Rxg1+ 45.Kxg1 Qxa4 46.Bf4 Qa1+ 47.Kg2 d3 48.Qd8 a5 49.Qxd3 a4
50.Bd2 Qd1 51.Qe3 b5 52.Bc3 Qd7 53.Qc5 Ne7 54.Nd6 Ng6 55.Kg3 Kh7 56.Qd4 Qc7
57.f4 a3 58.Nxb5 Qe7 59.f5 Qg5+ 60.Qg4 Qe3+ 61.Qf3 Qg5+ 62.Kf2 Nh4 63.Qe4 Qxf5+
64.Qxf5+ Nxf5 65.Nxa3 g5 66.Nb5 Kg6 67.Nd4 Nd6 68.Bb4 Ne4+ 69.Kf3 Nf6 70.Be7 Nd5
71.Bd8 Nc3 72.Ne2 Nb5 73.Be7 Kh5 74.Ng3+ Kg6 75.Ke4 Nc3+ 76.Kd4 Nd1 77.Ne4 Kf5
78.Ba3 Kg4 79.Kd3 Kf3 80.Bf8 Nb2+ 81.Kd4 Kg2 82.Bd6 Nd1 83.Bg3 h5 84.Nxg5 h4
85.Bc7 Nf2  1/2-1/2

[Event "29th Politiken Cup"]
[Site "Copenhagen DEN"]
[Date "2007.07.24"]
[Round "5"]
[White "Khenkin,I"]
[Black "Brynell,S"]
[Result "1/2-1/2"]
[WhiteElo "2602"]
[BlackElo "2459"]

1.d4 e6 2.c4 Nf6 3.Nc3 Bb4 4.f3 O-O 5.a3 Bxc3+ 6.bxc3 Ne8 7.e4 b6 8.Bd3 Ba6
9.Nh3 Nc6 10.Qe2 Na5 11.O-O c5 12.e5 f6 13.Ra2 Rc8 14.Rc2 Qe7 15.Re1 Nb3
16.Be3 cxd4 17.cxd4 fxe5 18.dxe5 Nc5 19.Bxc5 Rxc5 20.f4 g6 21.Rc3  1/2-1/2

[Event "29th Politiken Cup"]
[Site "Copenhagen DEN"]
[Date "2007.07.24"]
[Round "5"]
[White "Hensbergen,W"]
[Black "Urkedal,F"]
[Result "1/2-1/2"]
[WhiteElo "2076"]
[BlackElo "2235"]

1.d4 Nf6 2.c4 e6 3.Nc3 Bb4 4.f3 O-O 5.a3 Bxc3+ 6.bxc3 c5 7.e3 d6 8.Bd3 Nc6
9.Ne2 e5 10.O-O Re8 11.d5 Ne7 12.e4 Ng6 13.Bg5 h6 14.Be3 Bd7 15.Qd2 Kh7 16.g4 Nh4
17.Ng3 g5 18.Nf5 Nxf5 19.exf5 e4 20.Be2 exf3 21.Bxf3 Ng8 22.Rae1  1/2-1/2

[Event "MTO"]
[Site "Biel SUI"]
[Date "2007.07.25"]
[Round "3"]
[White "Harika,D"]
[Black "Cebalo,M"]
[Result "0-1"]
[WhiteElo "2478"]
[BlackElo "2533"]

1.d4 Nf6 2.c4 e6 3.Nc3 Bb4 4.f3 c5 5.d5 Bxc3+ 6.bxc3 d6 7.e4 e5 8.Bd3 Nbd7
9.Ne2 Nf8 10.h4 h5 11.Bg5 N8h7 12.Ng3 g6 13.Bh6 Qc7 14.Kf2 Bd7 15.Qc2 O-O-O
16.Rhb1 Kb8 17.Rb2 Bc8 18.a4 Qe7 19.a5 Ne8 20.Rh1 Rg8 21.Be3 Ng7 22.Bh6 Rd7
23.Qa4 Rc7 24.Rhb1 Nf8 25.Bg5 f6 26.Bh6 Nd7 27.Bc2 Ka8 28.Qa2 Nb8 29.Ba4 g5
30.Bxg7 Qxg7 31.Nxh5 Qh6 32.g4 gxh4 33.Rg1 f5 34.exf5 Bxf5 35.Re2 Rf7 36.gxf5 Rxg1
37.Kxg1 Qxh5 38.Rg2 Rxf5 39.Bd1 e4 40.Kh2 exf3 41.Rg1 Qh6 42.Qf2 a6 43.Rg4 Nd7
44.Rg8+ Ka7 45.Ba4 Qf4+ 46.Kh1 Ne5 47.Bc6 Qc1+ 48.Rg1 Ng4 49.Qa2 Qxg1+  0-1

[Event "29th Politiken Cup"]
[Site "Copenhagen DEN"]
[Date "2007.07.26"]
[Round "7"]
[White "Hensbergen,W"]
[Black "Teplyi,I"]
[Result "0-1"]
[WhiteElo "2076"]
[BlackElo "2219"]

1.d4 Nf6 2.c4 e6 3.Nc3 Bb4 4.f3 d5 5.a3 Bxc3+ 6.bxc3 b6 7.cxd5 exd5 8.e3 O-O
9.Bd3 c5 10.Ne2 Ba6 11.Bxa6 Nxa6 12.O-O Re8 13.Ng3 Qd7 14.Ra2 Rac8 15.Re2 cxd4
16.cxd4 Rc4 17.Bb2 Qc6 18.Qd3 Nc7 19.e4 Ne6 20.Qd2 Rc8 21.e5 Ne8 22.Nf5 Qd7
23.f4 R4c6 24.Ne3 g6 25.f5 N6g7 26.fxg6 fxg6 27.Ref2 Nc7 28.Qe2 Nce6 29.Ng4 Nh5
30.Nh6+ Kh8 31.Rf7 Qd8 32.g4 Qg5 33.Rf8+ Rxf8 34.Rxf8+ Kg7 35.Nf7 Rc1+ 36.Bxc1 Qxc1+
37.Kf2 Kxf8 38.Nd6 Nhf4 39.Qb5 Qd2+ 40.Kf1 Qd3+  0-1